| 000 | 01079nam a22003497a 4500 | ||
|---|---|---|---|
| 001 | 0068241 | ||
| 003 | KOHA_MİRAKIL | ||
| 005 | 20260207004751.0 | ||
| 007 | ta | ||
| 008 | 230201b2015 tu |||gr||||#0|||1|eng | | ||
| 020 | _a9780133248128 | ||
| 040 |
_aTR-BiSEU _btur _cTR-BiSEU _erda |
||
| 041 | 0 | _aeng | |
| 044 | _ctu | ||
| 050 |
_aPE1128 _b.P45 2014 |
||
| 100 | 1 | _aPhilips, Deborah. | |
| 245 | 1 |
_aLongman preparation course for the TOEFL iBT test/ _cDeborah Philips ; Deborah Philips. |
|
| 250 | _a3rd Edition | ||
| 264 | 1 |
_aWhite Plains : _bPearson Education _c2015 |
|
| 300 | _aXXVI, 614 pages: illustrated; 28 cm. | ||
| 336 |
_ametin _btxt _2rdacontent |
||
| 337 |
_aaracısız _bn _2rdamedia |
||
| 338 |
_acilt _bnc _2rdacarrier |
||
| 650 | 0 |
_aEnglish language. _928785 |
|
| 650 | 0 |
_aEnglish language education. _9130826 |
|
| 650 | 0 |
_aEnglish language teaching. _9130827 |
|
| 650 | 0 |
_aİngilizce dili. _9129417 |
|
| 650 | 0 |
_aİngiliz dili eğitimi. _9130828 |
|
| 650 | 0 |
_aİngiliz dili öğretimi. _9130829 |
|
| 907 | _aDilbilgisi | ||
| 942 |
_2lcc _cBK |
||
| 999 |
_c68887 _d68887 |
||